Finance for executives : (Record no. 345049)
[ view plain ]
| 000 -LEADER | |
|---|---|
| fixed length control field | 02021 a2200217 4500 |
| 020 ## - INTERNATIONAL STANDARD BOOK NUMBER | |
| International Standard Book Number | 0324274319 |
| 020 ## - INTERNATIONAL STANDARD BOOK NUMBER | |
| International Standard Book Number | 9780324274318 |
| 082 04 - DEWEY DECIMAL CLASSIFICATION NUMBER | |
| Classification number | 332 |
| 090 ## - LOCALLY ASSIGNED LC-TYPE CALL NUMBER (OCLC); LOCAL CALL NUMBER (RLIN) | |
| -- | 2554 |
| -- | 2554 |
| 100 1# - MAIN ENTRY--PERSONAL NAME | |
| Personal name | Hawawini, Gabriel. |
| 245 10 - TITLE STATEMENT | |
| Title | Finance for executives : |
| Remainder of title | managing for value creation / |
| Statement of responsibility, etc. | Gabriel Hawawini. |
| 250 ## - EDITION STATEMENT | |
| Edition statement | 3nd ed. |
| 260 ## - PUBLICATION, DISTRIBUTION, ETC. | |
| Place of publication, distribution, etc. | [S.l.] : |
| Name of publisher, distributor, etc. | South-Western, |
| Date of publication, distribution, etc. | 2006. |
| 300 ## - PHYSICAL DESCRIPTION | |
| Extent | 632 p. ; |
| Dimensions | 24 cm. |
| 500 ## - GENERAL NOTE | |
| General note | Hardcover. |
| 520 ## - SUMMARY, ETC. | |
| Summary, etc. | FINANCE FOR EXECUTIVES: MANAGING FOR VALUE CREATION, 3e is ideal for the future manager or experienced executive who recognizes the importance of using financial information to maximize firm value. Respected authors Gabriel Hawawini and Claude Viallet have translated their wealth of experience into a concise, analytically sound introduction to financial management that is neither too simplistic nor too theoretical. Based on modern finance principles, the book presents the most recent financial data and latest references with a level of practicality and rigorous analysis appropriate for today's experienced executive - without complicated formulas that have no direct application to decision making. Each chapter is self-contained - providing ultimate flexibility for teaching and making the book an excellent source for reference or self-learning beyond the traditional classroom. This book is perfect for executive education, executive MBA courses, or any course where you want to translate theory into practice or use a case approach. A strong problem-scenario approach presents concepts within the context of financial management problems that executives commonly face. In addition, consistent case studies analyze the same set of companies throughout the text to provide a common thread that reinforces learning. |
| 700 1# - ADDED ENTRY--PERSONAL NAME | |
| Personal name | Viallet, Claude. |
| 856 40 - ELECTRONIC LOCATION AND ACCESS | |
| Materials specified | Amazon.com |
| Uniform Resource Identifier | <a href="http://www.amazon.com/exec/obidos/ASIN/0324274319/chopaconline-20">http://www.amazon.com/exec/obidos/ASIN/0324274319/chopaconline-20</a> |
| 856 40 - ELECTRONIC LOCATION AND ACCESS | |
| Materials specified | Amazon customer reviews |
| Uniform Resource Identifier | <a href="http://www.chopac.org/cgi-bin/tools/azrev.pl?q=0324274319">http://www.chopac.org/cgi-bin/tools/azrev.pl?q=0324274319</a> |
| 942 ## - ADDED ENTRY ELEMENTS (KOHA) | |
| Institution code [OBSOLETE] | NBS |
| Koha item type | Book |
| Call number prefix | 658.15 HAW |
| Withdrawn status | Lost status | Damaged status | Not for loan | Permanent Location | Current Location | Date acquired | Total Checkouts | Total Renewals | Full call number | Barcode | Date last seen | Date last checked out | Price effective from | Koha item type | Source of classification or shelving scheme | Public note |
|---|---|---|---|---|---|---|---|---|---|---|---|---|---|---|---|---|
| Central Library (CL) | Central Library (CL) | 08/28/2013 | 3 | 4 | 658.15 HAW | NBSD-794 | 06/03/2024 | 04/15/2024 | 08/28/2013 | Book | ||||||
| Write Off | Central Library (CL) | Central Library (CL) | 08/28/2013 | 1 | 658.15 HAW | NBS8025 | 11/09/2019 | 01/21/2014 | 08/28/2013 | Book | Write off File No.0908/IRC/NBS Dated Aug 16, 2018 |
